000 01262nam a2200217 u 4500
001 000775178
003 AM-YeHGA
005 20250618073844.0
008 101130s1984 ru |||||||||||||||||rus|c
040 _aAM-YeHGA
041 0 _arus
100 1 _aПушкин, Александр Сергеевич
_d1799-1837
_98888
245 1 0 _aПроза /
_cА.С. Пушкин ; Сост. и коммент. С.Г. Бочарова ; Худож. Б. Диодоров.
260 _aМосква :
_bСов. Россия,
_c1984.
300 _a464 с. ;
_c19 см.
505 0 0 _aАрап Петра Великого ; Гости съезжались на дачу ; Роман в письмах ; Повести покойного Ивана Петровича Белкина ; История села Горюхина ; Рославлев ; Дубровский ; Пиковая дама ; Кирджали ; Путешествие в Арзрум во время похода 1829 года ; Египетские ночи ; Капитанская дочка
650 1 4 _aРусская художественная литература
700 1 _aБочаров, С.Г.
_eсост.
_4com
700 1 _aДиодоров, Б.
_eхудож.
_4art
090 _c285748
999 _c284086
_d284086